Undang-undang harta intelek di Malaysia

Bibliographic Details
Main Author: Khadijah Mohamed
Other Authors: Ahmad Shamsul Abd Aziz
Format: Book
Published: Sintok, Kedah : Penerbit Universiti Utara Malaysia , 2005
Subjects:

MARC

LEADER 00000cam a2200000 7i4500
001 0000003673
005 20080131.0
020 0 0 |a 9833282067 
090 0 0 |a 346.595048   |b KHA 
100 1 0 |a Khadijah Mohamed 
245 1 0 |a Undang-undang harta intelek di Malaysia   |c Khadijah Mohamed, Ahmad Shamsul Abd Aziz 
260 0 0 |a Sintok, Kedah :   |b Penerbit Universiti Utara Malaysia ,   |c 2005 
300 |a xxi, 187ms. ; \c 21cm. 
500 0 0 |a Mengandungi indeks 
650 0 0 |a Intellectual property   |x Law and legislation   |z Malaysia 
700 1 1 |a Ahmad Shamsul Abd Aziz 
999 |a 0000007142   |b Monograph   |c Open Shelf   |e Default branch